Návrh LED modulu svietidla pre denné svietenie (DRL)
Na minha lista:
| Autor principal: | |
|---|---|
| Outros Autores: | |
| Formato: | Manuscrito Livro |
| Idioma: | eslovaco |
| Publicado em: |
Bratislava :
STU v Bratislave FEI,
2012
|
| Assuntos: | |
| Acesso em linha: | VAIS |
| Tags: |
Sem tags, seja o primeiro a adicionar uma tag!
|
MARC
| LEADER | 00000ntm a22000003a 4500 | ||
|---|---|---|---|
| 001 | stu250703 | ||
| 005 | 20150617230228.4 | ||
| 008 | 120717s2012----xo------------------slo-d | ||
| 040 | |a STU |b slo | ||
| 041 | 0 | |a slo | |
| 044 | |a xo | ||
| 100 | 1 | |a Godál, Roman, |d 1990- |4 aut |u E |T FEI Fakulta elektrotechniky a informatiky |X 64185 |U E |Y 30 |7 A000064185 | |
| 242 | 0 | 0 | |a Design of LED lamp module for daytime running lights (DRL) |y eng |
| 245 | 1 | |a Návrh LED modulu svietidla pre denné svietenie (DRL) | |
| 260 | |a Bratislava : |b STU v Bratislave FEI, |c 2012 | ||
| 300 | |a 39 s |c 9 príl. | ||
| 650 | 7 | |a Automobile Electronics |2 estusub | |
| 700 | 1 | |a Fric, Róbert, |d 1978- |4 ths |u E020 |U FEI Fakulta elektrotechniky a informatiky |T FEI Ústav elektroenergetiky a aplikovanej elektrotechniky |X 3676 |U E020 |Y 548 |7 A000003676 | |
| 856 | 4 | |a info a plný text |u http://is.stuba.sk/zp/portal_zp.pl?podrobnosti=65080 |3 VAIS | |
| 996 | |b 284ER00838 |c E*Bc-838 |l EE33 |s P |a 0 |w stu250703_0001 | ||